Statistics for Name the dog breeds

Click here to take the quiz!

General Stats

  • This quiz has been taken 13 times
  • The average score is 10 of 15

Answer Stats

Answer% Correct
Husky
100%
Beagle
90%
Bulldog
90%
Pug
90%
Chihuahua
80%
Dachshund
80%
Border collie
70%
Poodle
70%
Saint bernard
70%
Bichon frise
60%
Pomeranian
60%
Chow Chow
50%
Maltese
40%
Greyhound
20%
Golden retiver
10%

Score Distribution

Percentile by Number Answered

Percent of People with Each Score

Your Score History

You have not taken this quiz